Kamen i bol /

Hlavní autor: Schulz, Karel, 1899-1943
Jazyk: Srbština
Vydáno: Beograd : Jugoslavijapublik, 1989
Vydání: [1. izd.]
Edice: Književni spomenici
Témata:
Fyzický popis: 591 s. ; 22 cm
Knihy
Uloženo v:
LEADER 01542nam a2200469 a 4500
001 000688982
003 CZ BrMZK
005 20181015125334.0
007 ta
008 030924s1989 yu g 000 fbscc d
020 |a 86-7121-097-9  |q (váz.) 
040 |a BOA001  |b cze 
041 1 |a scc  |h cze 
043 |a e-it--- 
045 |a s7t6 
072 7 |a 821.162.3-3  |x Česká próza  |2 Konspekt  |9 25 
072 7 |a 929  |x Biografie  |2 Konspekt  |9 8 
080 |a 821.162.3-31  |2 MRF 
080 |a 72/76.071.1  |2 MRF 
080 |a 929  |2 MRF 
080 |a (450)  |2 MRF 
080 |a (0:82-312.6)  |2 MRF 
080 |a (0:82-311.6)  |2 MRF 
100 1 |a Schulz, Karel,  |d 1899-1943  |7 jk01111165  |4 aut 
245 1 0 |a Kamen i bol /  |c Karel Šulc ; [perevod Nada Dordevič] 
250 |a [1. izd.] 
260 |a Beograd :  |b Jugoslavijapublik,  |c 1989 
300 |a 591 s. ;  |c 22 cm 
490 1 |a Književni spomenici 
500 |a Překlad z češtiny 
600 0 7 |a Michelangelo Buonarroti,  |d 1475-1564  |7 jn19992000718  |2 czenas 
648 7 |a 15.-16. století  |7 ch757034  |2 czenas 
648 4 |a 1475-1564 
650 0 7 |a výtvarní umělci  |7 ph116709  |z Itálie  |y 15.-16. století  |2 czenas 
655 7 |a české romány  |7 fd133974  |2 czenas 
655 7 |a biografické romány  |7 fd131905  |2 czenas 
655 7 |a historické romány  |7 fd132414  |2 czenas 
765 0 |t Kámen a bolest  |9 Srbsky 
830 0 |a Književni spomenici 
910 |a BOA001  |b M2-1126.231 
990 |a BK 
996 6 |b 2610203326  |c M2-1126.231  |l MZK  |r Sklad / do 24 hodin  |n 1  |p dar  |w 000688982  |u 000010  |a 1  |e BOA001  |j MZK50  |s P